[Event "SVK-ch U2400"]
[Site "Liptovsky Jan"]
[Date "2025.06.15"]
[Round "7"]
[White "Jaroszewski, Mateusz"]
[Black "Miciak, Emanuel"]
[Result "0-1"]
[WhiteElo "1679"]
[BlackElo "1791"]
[PlyCount "140"]
[EventDate "2025.06.12"]
[EventType "swiss"]
[EventRounds "8"]
[EventCountry "SVK"]
[SourceTitle "CB25_2025"]
[SourceDate "2025.06.18"]
[SourceVersion "1"]
[SourceVersionDate "2025.06.18"]
[SourceQuality "1"]

1. b3 d5 2. Bb2 Nf6 3. e3 Bf5 4. f4 e6 5. Nf3 h6 6. Be2 Be7 7. h3 Ne4 8. 0-0 0-0 9. Qe1 Bf6 10. Bxf6 Qxf6 11. Na3 c6 12. Ne5 Qe7 13. Nb1 Nd7 14. Nxd7 Qxd7 15. d3 Nd6 16. g4 Bh7 17. Nd2 Qe7 18. Qg3 f6 19. c4 Rae8 20. c5 Nf7 21. b4 Kh8 22. a4 Rg8 23. a5 f5 24. Nf3 g5 25. Kh2 fxg4 26. hxg4 gxf4 27. exf4 Bf5 28. Nh4 Rg7 29. Qh3 Bh7 30. d4 Qf6 31. Rad1 Reg8 32. Ng2 Be4 33. Ne3 Rh7 34. Rd2 Qg6 35. Bf3 Bxf3 36. Qxf3 Rf8 37. Qe2 Rg7 38. Qd3 Qf6 39. Kh3 Rfg8 40. Rg2 Qe7 41. Re1 Qf6 42. Rf1 Qd8 43. Qc2 Qd7 44. Qe2 Rh7 45. Kh2 Qd8 46. Rf3 b6 47. cxb6 axb6 48. a6 b5 49. Qd3 Qc7 50. Rc2 Nd6 51. Kh3 Qb6 52. Qc3 Rc8 53. Ra2 Ra7 54. Qc2 Ne4 55. f5 Ng5+ 56. Kg3 Nxf3 57. f6 Nxd4 58. Qg6 Qc7+ 59. Kh4 Qh7 60. Qh5 Rg8 61. Rf2 Rf7 62. Qe5 Qe4 63. Qxe4 dxe4 64. a7 Rxa7 65. f7 Rf8 66. Rf6 Raxf7 67. Rxh6+ Rh7 68. Nf5 exf5 69. Kh5 Rxh6+ 70. Kg5 Rh7 0-1

[Event "SVK-ch U2400"]
[Site "Liptovsky Jan"]
[Date "2025.06.14"]
[Round "5"]
[White "Miciak, Emanuel"]
[Black "Hurtuk, Radovan"]
[Result "0-1"]
[WhiteElo "1791"]
[BlackElo "1985"]
[PlyCount "70"]
[EventDate "2025.06.12"]
[EventType "swiss"]
[EventRounds "8"]
[EventCountry "SVK"]
[SourceTitle "CB25_2025"]
[SourceDate "2025.06.18"]
[SourceVersion "1"]
[SourceVersionDate "2025.06.18"]
[SourceQuality "1"]

1. d4 Nf6 2. Nf3 e6 3. Bg5 c5 4. e3 b6 5. Bd3 Bb7 6. 0-0 Be7 7. Nbd2 Nc6 8. c3 h6 9. Bh4 g5 10. Bg3 Nh5 11. Ne5 Nxg3 12. Nxc6 Ne2+ 13. Qxe2 Bxc6 14. Be4 d5 15. Bd3 c4 16. Bc2 f5 17. f3 b5 18. e4 f4 19. Rfe1 Qd6 20. a4 b4 21. exd5 exd5 22. cxb4 Kd8 23. b5 Bd7 24. Qe5 Rg8 25. Bf5 Rf8 26. Bxd7 Kxd7 27. b3 Bf6 28. Qxd6+ Kxd6 29. Rac1 Bxd4+ 30. Kf1 Be3 31. Rc2 c3 32. Nb1 d4 33. Ke2 Kc5 34. Nxc3 dxc3 35. Rxc3+ Kb4 0-1

[Event "SVK-ch U2400"]
[Site "Liptovsky Jan"]
[Date "2025.06.13"]
[Round "4"]
[White "Papay, Aurel"]
[Black "Miciak, Emanuel"]
[Result "0-1"]
[WhiteElo "1574"]
[BlackElo "1791"]
[PlyCount "106"]
[EventDate "2025.06.12"]
[EventType "swiss"]
[EventRounds "8"]
[EventCountry "SVK"]
[SourceTitle "CB25_2025"]
[SourceDate "2025.06.18"]
[SourceVersion "1"]
[SourceVersionDate "2025.06.18"]
[SourceQuality "1"]

1. e4 d6 2. d4 Nf6 3. Nc3 g6 4. Bg5 Bg7 5. Qd2 0-0 6. 0-0-0 Nbd7 7. Bh6 e5 8. Bxg7 Kxg7 9. dxe5 Nxe5 10. f4 Nc6 11. Nf3 Bg4 12. Be2 Re8 13. h3 Bxf3 14. gxf3 Qe7 15. f5 Rad8 16. Nd5 Nxd5 17. Qxd5 Qe5 18. Qd2 Qf6 19. fxg6 hxg6 20. h4 Re5 21. Rdg1 Rh8 22. Rg4 Reh5 23. Qe1 Ne5 24. Rg3 Rxh4 25. Rxh4 Qxh4 26. Rg1 Qxe1+ 27. Rxe1 Rh4 28. b3 g5 29. Rg1 f6 30. Kd2 Rf4 31. Ke3 b6 32. a4 Rh4 33. b4 Kf7 34. b5 Rh3 35. c4 g4 36. Kf2 gxf3 37. Bf1 Rh2+ 38. Ke3 Ra2 39. Rh1 Ra3+ 40. Kf2 Kg6 41. Rg1+ Kh5 42. Rg7 Rxa4 43. Rxc7 Kg4 44. Rc8 Kf4 45. Rd8 Ra2+ 46. Ke1 f2+ 47. Kd1 Kf3 48. Rxd6 Ra1+ 49. Kd2 Rxf1 50. Rxf6+ Kxe4 51. Ke2 Re1+ 52. Kxf2 Ng4+ 53. Kxe1 Nxf6 0-1

[Event "SVK-ch U2400"]
[Site "Liptovsky Jan"]
[Date "2025.06.12"]
[Round "2"]
[White "Miciak, Emanuel"]
[Black "Zitnanska, Ema"]
[Result "1-0"]
[WhiteElo "1791"]
[BlackElo "1530"]
[PlyCount "77"]
[EventDate "2025.06.12"]
[EventType "swiss"]
[EventRounds "8"]
[EventCountry "SVK"]
[SourceTitle "CB25_2025"]
[SourceDate "2025.06.18"]
[SourceVersion "1"]
[SourceVersionDate "2025.06.18"]
[SourceQuality "1"]

1. Nf3 d5 2. g3 Nf6 3. Bg2 c5 4. d3 Nc6 5. 0-0 e5 6. Re1 Be7 7. c4 dxc4 8. dxc4 Qxd1 9. Rxd1 Be6 10. b3 0-0 11. Na3 a6 12. Bb2 Nd7 13. e3 Bf6 14. Nd2 Rac8 15. Ne4 Be7 16. Nd6 Bxd6 17. Rxd6 Ndb8 18. Rad1 Rfe8 19. Nb1 b6 20. Nc3 Red8 21. Na4 Rxd6 22. Rxd6 Rd8 23. Rxd8+ Nxd8 24. Nxb6 f6 25. Ba3 Nd7 26. Nxd7 Bxd7 27. Bxc5 Ne6 28. Bb4 Kf7 29. Kf1 Ke8 30. Ke2 Kd8 31. Kd3 Kc7 32. Bd5 Kb6 33. Bxe6 Bxe6 34. Bf8 g6 35. Bg7 e4+ 36. Kxe4 f5+ 37. Ke5 Bg8 38. Kd6 Kb7 39. Bc3 1-0

[Event "SVK-ch U2300"]
[Site "Liptovsky Jan"]
[Date "2024.06.17"]
[Round "5"]
[White "Li, Geng Hui"]
[Black "Miciak, Emanuel"]
[Result "0-1"]
[WhiteElo "1572"]
[BlackElo "1789"]
[PlyCount "47"]
[EventDate "2024.06.15"]
[EventType "swiss"]
[EventRounds "8"]
[EventCountry "SVK"]
[SourceTitle "CBM 220 Extra"]
[Source "ChessBase"]
[SourceDate "2024.07.31"]
[SourceVersion "1"]
[SourceVersionDate "2024.07.31"]
[SourceQuality "1"]

1. d4 Nf6 2. c4 e6 3. Nf3 b6 4. Nc3 Bb7 5. Bf4 d6 6. e3 Be7 7. Be2 Nbd7 8. Qc2 Rc8 9. e4 Nf8 10. Rd1 Ng6 11. Bg3 Nh5 12. e5 Nhf4 13. d5 0-0 14. Kf1 exd5 15. h4 Nh5 16. cxd5 Nxg3+ 17. fxg3 Nxe5 18. Ng5 Bxg5 19. hxg5 Ng6 20. Kf2 Qxg5 21. Rh5 Qf6+ 22. Rf5 Qe7 23. Rh1 Rce8 24. Bd3 0-1

[Event "SVK-ch U2300"]
[Site "Liptovsky Jan"]
[Date "2024.06.16"]
[Round "3"]
[White "Murcin, Oliver"]
[Black "Miciak, Emanuel"]
[Result "0-1"]
[WhiteElo "1562"]
[BlackElo "1789"]
[PlyCount "49"]
[EventDate "2024.06.15"]
[EventType "swiss"]
[EventRounds "8"]
[EventCountry "SVK"]
[SourceTitle "CBM 220 Extra"]
[Source "ChessBase"]
[SourceDate "2024.07.31"]
[SourceVersion "1"]
[SourceVersionDate "2024.07.31"]
[SourceQuality "1"]

1. d4 Nf6 2. c4 e6 3. Nc3 d5 4. Bg5 c6 5. e3 Nbd7 6. Nf3 Qa5 7. a3 Ne4 8. Qc1 dxc4 9. Bxc4 Nxg5 10. b4 Nxf3+ 11. gxf3 Qc7 12. f4 Nb6 13. Bb3 Qd8 14. Rg1 a5 15. bxa5 Rxa5 16. Ke2 Bd7 17. Ne4 Nd5 18. Ng5 h6 19. Nf3 c5 20. Bxd5 exd5 21. Qb2 Bb5+ 22. Kd2 c4 23. Kc3 Ba6 24. Ne5 Rb5 25. Qc2 0-1

[Event "SVK-chT4 A21 2122"]
[Site "Slovakia"]
[Date "2022.03.13"]
[Round "10.1"]
[White "Miciak, Emanuel"]
[Black "Gasa, Andrej"]
[Result "1-0"]
[WhiteElo "1804"]
[BlackElo "2153"]
[PlyCount "55"]
[EventDate "2021.10.17"]
[EventType "team-tourn"]
[EventRounds "11"]
[EventCountry "SVK"]
[SourceTitle "EXT 2024"]
[Source "ChessBase"]
[SourceDate "2023.10.10"]
[SourceVersion "1"]
[SourceVersionDate "2023.10.10"]
[SourceQuality "1"]
[WhiteTeam "Vrbove II"]
[BlackTeam "Senica"]
[WhiteTeamCountry "SVK"]
[BlackTeamCountry "SVK"]

1. d4 Nf6 2. Nf3 e6 3. Bf4 b6 4. e3 Bb7 5. Bd3 Be7 6. 0-0 Nh5 7. Bg3 Nxg3 8. hxg3 f5 9. Nbd2 0-0 10. Kh2 Bf6 11. Rh1 g6 12. Kg1 d6 13. e4 Nd7 14. c3 c5 15. d5 exd5 16. exf5 g5 17. Nh2 Ne5 18. Bc2 Qe7 19. f4 Nd3 20. Ng4 Nxb2 21. Nxf6+ Rxf6 22. Qh5 Qe3+ 23. Kh2 Qxd2 24. Qxg5+ Kf7 25. Rae1 h6 26. Qh5+ Kf8 27. Re6 Rxe6 28. fxe6 1-0

[Event "SVK-ch Amateurs"]
[Site "Topolcany"]
[Date "2021.08.08"]
[Round "4"]
[White "Nadzamova, Viktoria"]
[Black "Miciak, Emanuel"]
[Result "1/2-1/2"]
[WhiteElo "2038"]
[BlackElo "1771"]
[PlyCount "57"]
[EventDate "2021.08.06"]
[EventType "swiss"]
[EventRounds "7"]
[EventCountry "SVK"]
[SourceTitle "EXT 2022"]
[Source "ChessBase"]
[SourceDate "2021.10.06"]
[SourceVersion "1"]
[SourceVersionDate "2021.10.06"]
[SourceQuality "1"]

1. e4 e6 2. d4 d5 3. Nc3 dxe4 4. Nxe4 Nd7 5. Nf3 Ngf6 6. Nxf6+ Nxf6 7. Bd3 Be7 8. 0-0 0-0 9. c3 b6 10. Ne5 Bb7 11. Qe2 c5 12. dxc5 Bxc5 13. Bg5 Be7 14. Rad1 Qc7 15. Bxf6 Bxf6 16. Nd7 Rfd8 17. Nxf6+ gxf6 18. Be4 Rxd1 19. Rxd1 Bxe4 20. Qxe4 Rd8 21. Rxd8+ Qxd8 22. g3 f5 23. Qe3 Qd1+ 24. Kg2 Qd5+ 25. Kh3 Qxa2 26. Qg5+ Kf8 27. Qd8+ Kg7 28. Qg5+ Kf8 29. Qd8+ 1/2-1/2